000 00679nam a2200277Ia 4500
005 20260324114626.0
008 008 260324s9999 xx 000 0 eng d
020 _a9781003287803
037 _aEBOOK
040 _aCRL
040 _beng
040 _cCRL
041 _2eng
041 _aeng
084 _qCRL
100 _aAchim Feldmeier
_91080134
245 0 _aIntroduction to Arnold’s Proof of the Kolmogorov–Arnold–Moser Theorem
260 _bTaylor and Francis
260 _c2022
365 _a
365 _b340
856 _uhttp://www.taylorfrancis.com/books/9781003287803
942 _cEBOOK
999 _c1741805
_d1741805